header

Chasing the wind (Record no. 2578)

MARC details
000 -LEADER
fixed length control field 01263nam a2200301Ia 4500
100 1# - MAIN ENTRY--AUTHOR NAME
Personal name Morag-Levine, Noga.
245 10 - TITLE STATEMENT
Title Chasing the wind
260 ## - PUBLICATION, DISTRIBUTION, ETC. (IMPRINT)
Place of publication Princeton, NJ :
Name of publisher Princeton University Press,
Year of publication c2003.
300 ## - PHYSICAL DESCRIPTION
Number of Pages xiv, 259 p.
650 #0 - SUBJECT ADDED ENTRY--TOPICAL TERM
Topical Term Air
Topical Term Pollution
856 40 - ELECTRONIC LOCATION AND ACCESS
Uniform Resource Identifier http://site.ebrary.com/lib/rucke/Doc?id=10284205

No items available.

© 2026 Rongo University
Contact us: librarian | system librarian | Rongo university